000 00455nam a2200157Ia 4500
999 _c19612
_d19612
003 OSt
005 20200622152540.0
008 190216s9999||||xx |||||||||||||| ||und||
040 _coclc
082 _a954.04
_bCOL/F
100 1 _aCollins, Larry
_9135
245 0 _aFreedom At Midnight /
_c Larry Collins
260 _bVikas Publishing House,
_c1988.
_aNew Delhi:
300 _a502p
942 _cBK
_2ddc
_h954.04
_iCOL/F
_k954.04
_mCOL/F